DC- Junior Heroes - Statistics

General Stats
  • This quiz has been taken 253 times
    112 since last reset
  • The average score is 23 of 61
Answer Stats
Name % Correct
Richard J. 'Dick' Grayson/Nightwing/Ric Grayson/Robin
99%
Timothy J. 'Tim' Drake/Drake/Red Robin/Robin
97%
Damian Wayne/Robin
96%
Jason P. Todd/Red Hood/Robin
96%
Garfield 'Gar' Logan/Beast Boy
93%
Kon-El/Conner Kent/Superboy
90%
Rachel Roth/Raven
90%
Wallace R. 'Wally' West II/The Flash
90%
Garth of Atlantis/Aqualad/Tempest
89%
Jackson Hyde/Aqualad
89%
Bartholomew H. 'Bart' Allen II/Impulse/Kid Flash
87%
Jonathan 'Jon' Lane-Kent/Superboy
87%
Princess Koriand'r of Tamaran/Starfire
87%
Victor 'Vic' Stone/Cyborg
87%
Wallace R. 'Wally' West III/Kid Flash
87%
Bar Torr/Bartholomew 'Bart' Allen/Kid Flash
86%
Donna Troy/Wonder Girl
83%
Cassandra 'Cassie' Sandsmark/Wonder Girl
79%
Roy Harper/Arsenal/Red Arrow/Speedy
77%
Jaime Reyes/Blue Beetle
61%
M'gann M'orzz/Megan Morse/Miss Martian
61%
Maria 'Mia' Dearden/Speedy
52%
Karen Beecher-Duncan/Bumblebee
46%
Henry 'Hank' Hall/Hawk
45%
Tara Markov/Terra
42%
Dawn Granger/Dove
41%
Donald Hall/Dove
41%
Stephanie Brown/Spoiler
37%
Emiko 'Emi' Queen/Red Arrow
32%
Courtney Whitmore/Stargirl
28%
Kyle Rayner/Green Lantern
28%
Wallace West/Impulse
25%
Suzanne 'Cissie' King-Jones/Arrowette
21%
Tanya Spears/Power Girl
13%
Lilith Clay/Omen
11%
Leonid Kovar/Red Star
8%
Natasha Irons/Steel
8%
Gnarrk/Cave Boy
7%
Isaiah Crockett/Hot Spot
7%
Kiran Singh/Solstice
6%
Lois Lane/Blue Lantern
6%
Miguel J. Barragan/Bunker
6%
Malcolm 'Mal' Beecher-Duncan/Herald
4%
Amaya of Gemworld/Amelia 'Amy' Winston/Amethyst
3%
Celine Patterson/Skitter
3%
Keli Quintela/Teen Lantern
3%
Xiomara Rojas/Crush
3%
Djinn
1%
Jayna of Exxor
1%
Jennifer 'Jinny' Hex
1%
Kole
1%
William 'Billy' Wu/Roundhouse
1%
Zan of Exxor
1%
Derek James/Sideways
0%
Francesca 'Frankie' Kane/Magenta
0%
Gleek
0%
Miguel Montez
0%
Naomi McDuffie
0%
Niles Caulder
0%
Ra'ut L'lwer/Chimera
0%
Summer Pickens
0%
No matching quizzes found
Score Distribution
Percent of People with Each Score
Percentile by Number Answered
Your Score History
You have not taken this quiz since the last reset